Top 100 statistique des joueurs NBA all-time 1 - Statistiques

Statistiques générales
  • Ce quiz a été pris 598 fois
    385 depuis la dernière actualisation
  • Le résultat moyen est 40 sur 100
Statistiques - réponses
Classement Moyen Joueur Détail des Classements % Correct
12.33 LeBron James Points : 1 / Passes : 4 / Rebonds : 32
96%
64 Michael Jordan Points : 5 / Passes : 51 / Rebonds : 136
90%
18 Kareem Abdul-Jabbar Points : 2 / Passes : 49 / Rebonds : 3
87%
49.67 Kobe Bryant Points : 4 / Passes : 33 / Rebonds : 112
86%
29.67 Wilt Chamberlain Points : 7 / Passes : 81 / Rebonds : 1
85%
153.67 Stephen Curry Points : 38 / Passes : 45 / Rebonds : 378
84%
98.33 Jerry West Points : 23 / Passes : 34 / Rebonds : 238
83%
23.67 Karl Malone Points : 3 / Passes : 61 / Rebonds : 7
83%
177 Moses Malone Points : 10 / Passes : 516 / Rebonds : 5
83%
81.67 Shaquille O'Neal Points : 8 / Passes : 220 / Rebonds : 15
83%
37.67 Russell Westbrook Points : 27 / Passes : 9 / Rebonds : 77
82%
76.33 Kevin Durant Points : 13 / Passes : 100 / Rebonds : 116
79%
42.33 Tim Duncan Points : 16 / Passes : 105 / Rebonds : 6
76%
86.67 James Harden Points : 25 / Passes : 20 / Rebonds : 215
75%
79.67 Magic Johnson Points : 84 / Passes : 7 / Rebonds : 148
73%
94.67 Bill Russell Points : 165 / Passes : 117 / Rebonds : 2
71%
90.67 Chris Paul Points : 37 / Passes : 3 / Rebonds : 232
71%
185 Dennis Johnson Points : 136 / Passes : 54 / Rebonds : 365
70%
81.67 Hakeem Olajuwon Points : 12 / Passes : 219 / Rebonds : 14
70%
131 Joe Johnson Points : 48 / Passes : 72 / Rebonds : 273
70%
46.67 Larry Bird Points : 36 / Passes : 48 / Rebonds : 56
70%
149.33 John Stockton Points : 51 / Passes : 1 / Rebonds : 396
69%
195.67 Tony Parker Points : 56 / Passes : 19 / Rebonds : 512
68%
62.33 Dirk Nowitzki Points : 6 / Passes : 155 / Rebonds : 26
67%
187.67 Nikola Jokic Points : 273 / Passes : 125 / Rebonds : 165
67%
137.33 David Robinson Points : 44 / Passes : 335 / Rebonds : 33
66%
143.33 Clifford Robinson Points : 53 / Passes : 214 / Rebonds 163
65%
63.67 Scottie Pippen Points : 65 / Passes : 35 / Rebonds : 91
64%
50 Jason Kidd Points : 89 / Passes : 2 / Rebonds : 59
63%
185 Steve Nash Points : 91 / Passes : 5 / Rebonds : 459
62%
88 Carmelo Anthony Points : 9 / Passes : 176 / Rebonds : 79
61%
27.67 Kevin Garnett Points : 19 / Passes : 55 / Rebonds : 9
60%
121 Dwyane Wade Points : 32 / Passes : 47 / Rebonds : 284
57%
34 Oscar Robertson Points : 14 / Passes : 8 / Rebonds : 80
57%
137.67 Giannis Antetokounmpo Points : 110 / Passes : 179 / Rebonds : 124
56%
51.33 Charles Barkley Points : 29 / Passes : 106 / Rebonds : 19
54%
144 Patrick Ewing Points : 24 / Passes : 383 / Rebonds : 25
52%
61.67 Paul Pierce Points : 17 / Passes : 79 / Rebonds : 89
52%
80.33 Vince Carter Points : 20 / Passes : 77 / Rebonds : 144
52%
190.33 Isiah Thomas Points : 68 / Passes : 10 / Rebonds : 493
51%
165.67 Juwan Howard Points : 114 / Passes : 290 / Rebonds : 93
49%
66.33 Pau Gasol Points : 42 / Passes : 129 / Rebonds : 28
48%
123 Ray Allen Points : 26 / Passes : 95 / Rebonds : 248
46%
139 Bob Cousy Points : 100 / Passes : 21 / Rebonds : 296
45%
164 Julius Erving Points : 75 / Passes : 196 / Rebonds : 221
45%
43.67 John Havlicek Points : 18 / Passes : 37 / Rebonds : 76
43%
138.67 Bob Pettit Points : 43 / Passes : 355 / Rebonds : 18
42%
144.33 Tracy McGrady Points : 74 / Passes : 113 / Rebonds : 246
39%
72 Elgin Baylor Points : 33 / Passes : 156 / Rebonds : 27
38%
139 Andre Miller Points : 111 / Passes : 12 / Rebonds : 294
37%
68.33 Clyde Drexler Points : 34 / Passes : 36 / Rebonds : 135
37%
98.33 Gary Payton Points : 35 / Passes : 11 / Rebonds : 249
37%
171.33 Reggie Miller Points : 22 / Passes : 115 / Rebonds : 377
37%
145.33 Robert Parish Points : 230 / Passes : 398 / Rebonds : 8
37%
135.33 Dominique Wilkins Points : 15 / Passes : 285 / Rebonds : 106
36%
159 DeMar DeRozan Points : 39 / Passes : 116 / Rebonds : 322
35%
120.33 Elvin Hayes Points : 11 / Passes : 346 / Rebonds : 4
35%
88.67 Alex English Points : 21 / Passes : 96 / Rebonds : 149
30%
169.67 Wes Unseld Points : 355 / Passes : 141 / Rebonds : 13
28%
188 Blake Griffin Points : 166 / Passes : 221 / Rebonds : 177
27%
178 LaMarcus Aldridge Points : 46 / Passes : 430 / Rebonds : 58
23%
112 Chris Webber Points : 98 / Passes : 167 / Rebonds : 71
22%
151.67 Kyle Lowry Points : 124 / Passes : 24 / Rebonds : 307
22%
151.33 Rick Barry Points : 73 / Passes : 120 / Rebonds : 261
22%
177.67 Mark Jackson Points : 247 / Passes : 6 / Rebonds : 280
21%
191.67 Bernard King Points : 52 / Passes : 251 / Rebonds : 272
19%
165 Walt Frazier Points : 133 / Passes : 71 / Rebonds : 291
19%
174.67 Adrian Dantley Points : 31 / Passes : 259 / Rebonds : 234
18%
123.67 Grant Hill Points : 99 / Passes : 101 / Rebonds : 171
15%
161 Nate Thurmond Points : 171 / Passes : 301 / Rebonds : 11
15%
152.33 Antoine Walker Points : 129 / Passes : 204 / Rebonds : 124
13%
191.33 Chet Walker Points : 67 / Passes : 407 / Rebonds : 100
13%
113.33 Hal Greer Points : 40 / Passes : 87 / Rebonds : 213
13%
160.67 Dave Cowens Points : 203 / Passes : 243 / Rebonds : 36
12%
106.33 Dolph Schayes Points : 72 / Passes : 218 / Rebonds : 29
12%
151.33 Al Horford Points : 202 / Passes : 184 / Rebonds : 68
11%
189.67 Horace Grant Points : 219 / Passes : 301 / Rebonds : 49
11%
124.33 Lenny Wilkens Points : 82 / Passes : 16 / Rebonds : 273
11%
171 Shawn Marion Points : 85 / Passes : 387 / Rebonds : 41
11%
120.33 Walt Bellamy Points : 41 / Passes : 308 / Rebonds : 12
10%
183 Zach Randolph Points : 70 / Passes : 439 / Rebonds : 40
10%
109.67 Bob Lanier Points : 60 / Passes : 225 / Rebonds : 44
9%
141 Vlade Divac Points : 207 / Passes : 165 / Rebonds : 51
9%
146.67 Andre Iguodala Points : 188 / Passes : 69 / Rebonds : 183
8%
157.67 Jerry Lucas Points : 181 / Passes : 275 / Rebonds : 17
6%
192.67 Terry Porter Points : 132 / Passes : 17 / Rebonds : 429
6%
182.33 Tom Chambers Points : 49 / Passes : 367 / Rebonds : 131
6%
181.67 Dave DeBusschere Points : 181 / Passes : 318 / Rebonds : 46
5%
155.33 Lamar Odom Points : 232 / Passes : 162 / Rebonds : 72
5%
144 Alvan Adams Points : 189 / Passes : 121 / Rebonds : 122
4%
183.67 Elton Brand Points : 101 / Passes : 395 / Rebonds : 55
4%
156.67 Charles Oakley Points : 251 / Passes : 197 / Rebonds : 22
3%
125.67 Detlef Schrempf Points : 123 / Passes : 140 / Rebonds : 114
3%
98.67 Jack Sikma Points : 94 / Passes : 171 / Rebonds : 31
3%
190.67 Larry Nance Points : 127 / Passes : 348 / Rebonds 97
3%
134 Otis Thorpe Points : 88 / Passes : 276 / Rebonds : 38
3%
190.67 Rod Strickland Points : 170 / Passes : 13 / Rebonds : 389
3%
170 Terry Cummings Points : 57 / Passes : 390 / Rebonds : 63
3%
193.33 Michael Finley Points : 93 / Passes : 194 / Rebonds : 293
2%
189 Sam Lacey Points : 375 / Passes : 147 / Rebonds : 45
0%
Aucun quiz correspondant
Distribution des résultats
% des personnes avec chaque résultat
Percentile par nombre de réponses
Votre historique - résultats
Vous n’avez pas pris ce quiz depuis la dernière actualisation